000
00345 a2200169 4500
001
175311
020
_a
85-16-01922-5
040
_c
Magnum
100
_a
Montanari, Valdir
240
1
0
_a
Globalização
_l
por
245
1
0
_a
Globalização
300
_a
63
362
0
_a
1998
440
1
_a
Moderna
697
_a
GEOGRAFIA GERAL
942
_c
BK
999
_c
175311
_d
175311